An introduction to classical evangelical hermeneutics : (Record no. 1066)

MARC details
000 -LEADER
fixed length control field 00988cam a22002654a 4500
001 - CONTROL NUMBER
control field 3104078
003 - CONTROL NUMBER IDENTIFIER
control field GBCCL
005 - DATE AND TIME OF LATEST TRANSACTION
control field 20241126110352.0
008 - FIXED-LENGTH DATA ELEMENTS--GENERAL INFORMATION
fixed length control field 990614s2000 miu b 001 0 eng
010 ## -
-- 99033767
020 ## - INTERNATIONAL STANDARD BOOK NUMBER
International Standard Book Number 0825423678
040 ## - CATALOGING SOURCE
Original cataloging agency DLC
Transcribing agency DLC
Modifying agency DLC
042 ## -
-- pcc
050 00 -
-- BS476
-- .C66 2000
082 00 - DEWEY DECIMAL CLASSIFICATION NUMBER
Classification number 220.601
Edition information 21
Item number COU
245 03 - TITLE STATEMENT
Title An introduction to classical evangelical hermeneutics :
Remainder of title a guide to the history and practice of biblical interpretation /
Statement of responsibility, etc. Mal Couch, general editor.
260 ## - PUBLICATION, DISTRIBUTION, ETC.
Place of publication, distribution, etc. Grand Rapids, MI :
Name of publisher, distributor, etc. Kregel Publications,
Date of publication, distribution, etc. c2000.
300 ## - PHYSICAL DESCRIPTION
Extent 371 p. ;
Dimensions 23 cm.
504 ## - BIBLIOGRAPHY, ETC. NOTE
Bibliography, etc. note Includes bibliographical references (p. [333]-357) and indexes.
630 00 - SUBJECT ADDED ENTRY--UNIFORM TITLE
Uniform title Bible
General subdivision Hermeneutics.
9 (RLIN) 1790
700 1# - ADDED ENTRY--PERSONAL NAME
Personal name Couch, Mal.
9 (RLIN) 1899
906 ## - LOCAL DATA ELEMENT F, LDF (RLIN)
a 7
b cbc
c orignew
d 1
e ocip
f 19
g y-gencatlg
942 ## - ADDED ENTRY ELEMENTS (KOHA)
Source of classification or shelving scheme Dewey Decimal Classification
Koha item type Books
Koha issues (borrowed), all copies 12
Holdings
Withdrawn status Lost status Source of classification or shelving scheme Damaged status Not for loan Home library Current Library Shelving location Date acquired Total checkouts Total renewals Full call number Barcode Date last seen Date last checked out Copy number Price effective from Koha item type
    Dewey Decimal Classification     GRACE BIBLE COLLEGE GRACE BIBLE COLLEGE Biblical Studies 2017-04-11 13 1 220.601 COU 009988 2026-02-10 2026-02-09 c.1 2017-04-11 Books
© Grace Bible College Library 2025